How Lucky Are You - Click Quiz - Statistics

General Stats
  • This quiz has been taken 231 times
  • The average score is 10 of 20
Answer Stats
Hint Answer % Correct
Correct? Yes
65%
Correct? Yes
63%
Correct? Yes
57%
Correct? Yes
57%
Correct? Yes
57%
Correct? Yes
57%
Correct? Yes
56%
Correct? Yes
55%
Correct? Yes
53%
Correct? Yes
51%
Correct? No
47%
Correct? No
43%
Correct? No
43%
Correct? No
41%
Correct? No
40%
Correct? No
40%
Correct? No
39%
Correct? No
37%
Correct? No
36%
Correct? No
35%
No matching quizzes found
Score Distribution
Percent of People with Each Score
Percentile by Number Answered
Your Score History
You have not taken this quiz